LEADER 01211nam--2200397---450- 001 990002912170203316 005 20070427112810.0 010 $a2-7453-1142-5 035 $a000291217 035 $aUSA01000291217 035 $a(ALEPH)000291217USA01 035 $a000291217 100 $a20070427d2004----km-y0itay50------ba 101 $afre 102 $aFR 105 $a||||||||001yy 200 1 $aDictionnaire de Michel de Montaigne$fpublié sous la direction de Philippe Desan 210 $aParis$cHonoré Champion$d2004 215 $a1057 p.$d24 cm 225 2 $aDictionnaires & references$v14 410 0$12001$aDictionnaires & references$v14 454 1$12001 461 1$1001-------$12001 600 $aMontaigne,$bMichel Eyquem : de$xEnciclopedie e dizionari 676 $a844.3 702 1$aDESAN,$bPhilippe 801 0$aIT$bsalbc$gISBD 912 $a990002912170203316 951 $aVI.4.B. 834$b191904 L.M.$cVI.4.$d00122357 959 $aBK 969 $aUMA 979 $aVITALE$b90$c20070427$lUSA01$h1127 979 $aVITALE$b90$c20070427$lUSA01$h1127 979 $aVITALE$b90$c20070427$lUSA01$h1128 996 $aDictionnaire de Michel de Montaigne$9988640 997 $aUNISA LEADER 02548oas 2200889 a 450 001 9910333251803321 005 20251106213014.0 011 $a1095-855X 035 $a(DE-599)ZDB1470813-9 035 $a(DE-599)1470813-9 035 $a(OCoLC)36946671 035 $a(CONSER)sn 97006445 035 $a(CKB)954922649120 035 $a(EXLCZ)99954922649120 100 $a19970521a19859999 sy a 101 0 $aeng 135 $aurcnu|||||||| 181 $ctxt$2rdacontent 182 $cc$2rdamedia 183 $acr$2rdacarrier 200 10$aJournal of symbolic computation 210 $aLondon $cAcademic Press 300 $aRefereed/Peer-reviewed 311 08$a0747-7171 531 0 $aJ. symbol. comput. 606 $aMathematics$xData processing$vPeriodicals 606 $aNumerical analysis$xData processing$vPeriodicals 606 $aAutomatic programming (Computer science)$vPeriodicals 606 $aMathe?matiques$xInformatique$vPe?riodiques 606 $aAnalyse nume?rique$xInformatique$vPe?riodiques 606 $aProgrammation automatique$vPe?riodiques 606 $aAutomatic programming (Computer science)$2fast$3(OCoLC)fst00822768 606 $aMathematics$xData processing$2fast$3(OCoLC)fst01012179 606 $aNumerical analysis$xData processing$2fast$3(OCoLC)fst01041279 608 $aPeriodicals.$2fast 608 $aPeriodicals.$2lcgft 615 0$aMathematics$xData processing 615 0$aNumerical analysis$xData processing 615 0$aAutomatic programming (Computer science) 615 6$aMathe?matiques$xInformatique 615 6$aAnalyse nume?rique$xInformatique 615 6$aProgrammation automatique 615 7$aAutomatic programming (Computer science) 615 7$aMathematics$xData processing. 615 7$aNumerical analysis$xData processing. 676 $a510 801 0$bOH1 801 1$bOH1 801 2$bNSD 801 2$bOCL 801 2$bMYG 801 2$bOCLCQ 801 2$bMYG 801 2$bOCLCQ 801 2$bMUQ 801 2$bOCL 801 2$bOCLCQ 801 2$bOCLCO 801 2$bOCLCQ 801 2$bOCLCF 801 2$bOCLCO 801 2$bVT2 801 2$bOCLCQ 801 2$bNLE 801 2$bDLC 801 2$bUKMGB 801 2$bCGU 801 2$bOCLCO 801 2$bOCLCQ 801 2$bUAB 801 2$bAUD 801 2$bOCLCL 801 2$bOCLCQ 906 $aJOURNAL 912 $a9910333251803321 996 $aJournal of symbolic computation$9104540 997 $aUNINA